000 00502nab a2200157Ia 4500
003 ES-SlBCS
005 20210601125225.0
008 140529s1969 xxu||||| |||| 00| 0 eng d
041 _aeng
100 1 _aLang, Berel
_9133001
245 0 0 _aMill's Howlers and the Logic of Naturalism
_c Berel Lang, Gary Stahl
600 1 _aMill, John S.-Naturalismo
_9155582
700 1 _aStahl, Gary
_9155583
773 0 _tPhilosophy and Phenomenological Research
_gvol. 29, 1969, págs. 562-574
_wRev1411
942 _cAR
999 _c526773
_d526773